000 00208 a2200097 4500
020 _a9789681641276
041 _aspa
100 _aPellicer Lopez, Carlos
245 _aJulieta y su caja de colores
942 _cBK
999 _c29805
_d29803